Advanced transport phenomena
Saved in:
| Main Author: | |
|---|---|
| Format: | Book |
| Language: | English |
| Published: |
Nueva York
Cambridge University Press
1999
|
| Edition: | 1a. ed |
| Series: | Cambridge Series in Chemical Engineering
|
| Subjects: | |
| Tags: |
Add Tag
No Tags, Be the first to tag this record!
|
MARC
| LEADER | 00000cam a2200000 a 4500 | ||
|---|---|---|---|
| 001 | UCC7011 | ||
| 003 | CL-VaPUC | ||
| 008 | 190125e19990000us |||||||||||||||||eng|d | ||
| 020 | |a 0521635659 | ||
| 082 | 0 | 4 | |a 660.2842 |b SLA |2 21 |
| 100 | 0 | |a Slattery, John C |e author |9 601573 | |
| 245 | 1 | 0 | |a Advanced transport phenomena |
| 250 | |a 1a. ed | ||
| 300 | |a 709 p | ||
| 942 | |c BK | ||
| 945 | |d 20190125 15:54:00 |a dcastane | ||
| 260 | |a Nueva York |b Cambridge University Press |c 1999 | ||
| 650 | 7 | |a TRANSFORMACION DE ENERGIA |2 CL-VaPUC |9 601574 | |
| 650 | 7 | |a INGENIERIA QUIMICA |2 CL-VaPUC |9 8 | |
| 650 | 0 | |a Matemática para Ingeniería |9 548213 | |
| 583 | |a last modification |c 20190125 15:54:00 |k Rodrigo Vera | ||
| 490 | 0 | |a Cambridge Series in Chemical Engineering | |
| 999 | |c 373821 |d 373819 | ||
| 952 | |0 0 |1 0 |3 erb |4 0 |6 660_284200000000000_SLA_1999 |7 0 |8 A |9 492059 |a BIBMAT |b BIBMAT |i 5531950 |o 660.2842 SLA 1999 |p 5531950 |r 2025-01-07 |w 2019-11-24 |y BK |z Catalogado en:20190125 |k MAT | ||